[Event "Women's Baku Chess Olympiad"]
[Site "chess24.com"]
[Date "2016.09.10"]
[Round "8"]
[White "Mora Oviedo, Andrea Melissa"]
[Black "Marzouk, Amira"]
[Result "0-1"]
[Board "1"]
[WhiteID "8400148"]
[WhiteElo "1783"]
[WhiteTitle "WCM"]
[WhiteCountry "HON"]
[WhiteFideId "8400148"]
[WhiteEloChange "-12"]
[BlackID "5501148"]
[BlackElo "1724"]
[BlackTitle "WFM"]
[BlackCountry "TUN"]
[BlackFideId "5501148"]
[BlackEloChange "12"]

1. d4 {[%clk 1:30:55]} Nf6 {[%clk 1:30:52]} 2. c4 {[%clk 1:31:17]} e6 {[%clk
1:31:18]} 3. Nf3 {[%clk 1:31:30]} Bb4+ {[%clk 1:30:31]} 4. Bd2 {[%clk 1:31:37]}
Qe7 {[%clk 1:30:52]} 5. Qc2 {[%clk 1:26:06]} Bxd2+ {[%clk 1:26:39]} 6. Nbxd2
{[%clk 1:25:02]} d5 {[%clk 1:25:02]} 7. g3 {[%clk 1:23:40]} b6 {[%clk 1:21:56]}
8. Rc1 {[%clk 1:21:58]} Na6 {[%clk 1:18:09]} 9. cxd5 {[%clk 1:18:56]} Nb4 {[%clk
1:14:16]} 10. Qxc7 {[%clk 1:12:43]} Qxc7 {[%clk 1:14:09]} 11. Rxc7 {[%clk
1:12:33]} Nfxd5 {[%clk 1:14:27]} 12. Rc1 {[%clk 1:04:55]} Nxa2 {[%clk 1:14:15]}
13. Rb1 {[%clk 1:03:23]} Bd7 {[%clk 1:12:00]} 14. Ne5 {[%clk 1:00:34]} Bb5 {[%clk
1:08:10]} 15. Ndc4 {[%clk 0:51:48]} Ke7 {[%clk 1:00:33]} 16. e4 {[%clk 0:47:33]}
Ndb4 {[%clk 0:54:24]} 17. Na3 {[%clk 0:33:35]} Bxf1 {[%clk 0:49:17]} 18. Rxf1
{[%clk 0:33:02]} Rac8 {[%clk 0:47:40]} 19. Kd2 {[%clk 0:32:10]} Rhd8 {[%clk
0:46:25]} 20. Ke3 {[%clk 0:24:40]} f6 {[%clk 0:37:45]} 21. Nd3 {[%clk 0:23:08]}
Nxd3 {[%clk 0:35:10]} 22. Kxd3 {[%clk 0:22:25]} Nb4+ {[%clk 0:35:36]} 23. Ke3
{[%clk 0:22:02]} Nc2+ {[%clk 0:35:29]} 24. Nxc2 {[%clk 0:20:41]} Rxc2 {[%clk
0:35:53]} 25. Rfd1 {[%clk 0:19:07]} a5 {[%clk 0:32:53]} 26. b4 {[%clk 0:12:31]}
a4 {[%clk 0:30:18]} 27. b5 {[%clk 0:11:00]} Rdc8 {[%clk 0:29:14]} 28. Rd2 {[%clk
0:09:13]} R8c3+ {[%clk 0:25:32]} 29. Ke2 {[%clk 0:08:43]} a3 {[%clk 0:15:30]} 30.
Ra1 {[%clk 0:07:40]} Rb2 {[%clk 0:10:17]} 31. Rxb2 {[%clk 0:03:25]} axb2 {[%clk
0:10:41]} 32. Rb1 {[%clk 0:03:43]} Rb3 {[%clk 0:11:07]} 33. Kd2 {[%clk 0:03:37]}
Rxb5 {[%clk 0:06:59]} 34. Kc3 {[%clk 0:03:50]} f5 {[%clk 0:02:55]} 35. f3 {[%clk
0:03:33]} fxe4 {[%clk 0:02:35]} 36. fxe4 {[%clk 0:03:51]} h5 {[%clk 0:01:03]} 37.
Rxb2 {[%clk 0:03:56]} Rxb2 {[%clk 0:00:39]} 38. Kxb2 {[%clk 0:04:22]} g5 {[%clk
0:00:44]} 39. Kb3 {[%clk 0:03:27]} Kd6 {[%clk 0:00:37]} 40. Kc4 {[%clk 0:33:15]}
Kc6 {[%clk 0:30:43]} 41. h3 {[%clk 0:29:59]} Kc7 {[%clk 0:28:56]} 42. Kb5 {[%clk
0:29:26]} Kb7 {[%clk 0:29:21]} 43. g4 {[%clk 0:25:05]} h4 {[%clk 0:28:54]} 44. d5
{[%clk 0:18:48]} exd5 {[%clk 0:28:27]} 45. exd5 {[%clk 0:18:05]} Kc7 {[%clk
0:28:19]} 46. d6+ {[%clk 0:10:02]} Kxd6 {[%clk 0:28:41]} 47. Kxb6 {[%clk
0:10:05]} Ke5 {[%clk 0:28:46]} 48. Kc5 {[%clk 0:10:05]} Kf4 {[%clk 0:28:41]} 49.
Kd4 {[%clk 0:10:03]} Kg3 {[%clk 0:29:01]} 50. Ke3 {[%clk 0:10:02]} Kxh3 {[%clk
0:29:24]} 51. Kf3 {[%clk 0:10:10]} Kh2 {[%clk 0:29:39]} 52. Kf2 {[%clk 0:10:27]}
h3 {[%clk 0:29:51]} 53. Kf3 {[%clk 0:07:36]} Kg1 {[%clk 0:30:13]} 54. Ke4 {[%clk
0:06:56]} h2 {[%clk 0:30:18]} 55. Kf5 {[%clk 0:06:50]} h1Q {[%clk 0:30:38]} 56.
Kxg5 {[%clk 0:06:56]} Kf2 {[%clk 0:30:44]} 57. Kg6 {[%clk 0:06:18]} Kg3 {[%clk
0:30:03]} 58. g5 {[%clk 0:06:23]} Kg4 {[%clk 0:30:05]} 59. Kf6 {[%clk 0:06:30]}
Qf3+ {[%clk 0:30:19]} 60. Kg6 {[%clk 0:06:53]} Qf5+ {[%clk 0:30:41]} 61. Kg7
{[%clk 0:07:12]} Qxg5+ {[%clk 0:31:03]} 62. Kh7 {[%clk 0:07:14]} Kf5 {[%clk
0:30:49]} 63. Kh8 {[%clk 0:07:31]} Kf6 {[%clk 0:31:12]} 0-1

[Event "Women's Baku Chess Olympiad"]
[Site "chess24.com"]
[Date "2016.09.10"]
[Round "8"]
[White "Baktach, Nesrine"]
[Black "McDowell, Sharon"]
[Result "1-0"]
[Board "2"]
[WhiteID "5501628"]
[WhiteElo "1637"]
[WhiteTitle "WFM"]
[WhiteCountry "TUN"]
[WhiteFideId "5501628"]
[WhiteEloChange "11"]
[BlackID "8401489"]
[BlackElo "1685"]
[BlackCountry "HON"]
[BlackFideId "8401489"]
[BlackEloChange "-11"]

1. e4 {[%clk 1:30:57]} c5 {[%clk 1:30:53]} 2. c3 {[%clk 1:31:23]} d6 {[%clk
1:19:46]} 3. d4 {[%clk 1:31:43]} cxd4 {[%clk 1:19:47]} 4. cxd4 {[%clk 1:31:58]}
Nf6 {[%clk 1:19:52]} 5. Nc3 {[%clk 1:31:42]} e6 {[%clk 1:20:00]} 6. Bd3 {[%clk
1:31:45]} Be7 {[%clk 1:20:02]} 7. Nf3 {[%clk 1:31:45]} O-O {[%clk 1:20:24]} 8.
O-O {[%clk 1:31:53]} a6 {[%clk 1:20:25]} 9. Qc2 {[%clk 1:31:50]} h6 {[%clk
1:18:06]} 10. Bf4 {[%clk 1:29:31]} Nc6 {[%clk 1:18:19]} 11. a3 {[%clk 1:28:42]}
Nh5 {[%clk 0:59:58]} 12. Be3 {[%clk 1:28:43]} b5 {[%clk 0:57:07]} 13. Nxb5 {[%clk
1:21:53]} Bb7 {[%clk 0:56:36]} 14. Nc3 {[%clk 1:22:05]} Rc8 {[%clk 0:56:58]} 15.
Qe2 {[%clk 1:19:48]} Nb8 {[%clk 0:52:45]} 16. Rac1 {[%clk 1:15:32]} Nf6 {[%clk
0:44:15]} 17. Rfd1 {[%clk 1:12:43]} d5 {[%clk 0:31:19]} 18. e5 {[%clk 1:09:50]}
Ne4 {[%clk 0:31:01]} 19. Nb1 {[%clk 0:59:30]} Qd7 {[%clk 0:23:06]} 20. Nfd2
{[%clk 0:57:43]} Rxc1 {[%clk 0:21:32]} 21. Rxc1 {[%clk 0:57:58]} f5 {[%clk
0:20:27]} 22. f3 {[%clk 0:54:05]} Nxd2 {[%clk 0:18:44]} 23. Nxd2 {[%clk 0:52:23]}
Qd8 {[%clk 0:16:46]} 24. Nb3 {[%clk 0:50:12]} a5 {[%clk 0:15:13]} 25. Qe1 {[%clk
0:46:01]} Nc6 {[%clk 0:12:19]} 26. Qc3 {[%clk 0:36:47]} Qb6 {[%clk 0:07:27]} 27.
Nd2 {[%clk 0:26:43]} Rc8 {[%clk 0:07:09]} 28. Qb3 {[%clk 0:20:55]} Qa7 {[%clk
0:07:34]} 29. Qa4 {[%clk 0:19:33]} Nxe5 {[%clk 0:07:52]} 30. Rxc8+ {[%clk
0:19:40]} Bxc8 {[%clk 0:08:13]} 31. Qe8+ {[%clk 0:19:01]} Kh7 {[%clk 0:08:33]}
32. Bxf5+ {[%clk 0:18:43]} exf5 {[%clk 0:08:44]} 33. Qxc8 {[%clk 0:18:42]} Nd7
{[%clk 0:08:59]} 34. Qc6 {[%clk 0:17:00]} Nf6 {[%clk 0:09:11]} 35. Qe6 {[%clk
0:15:27]} Kg6 {[%clk 0:08:11]} 36. Nf1 {[%clk 0:15:07]} Qb7 {[%clk 0:08:00]} 37.
Bc1 {[%clk 0:13:02]} Qc7 {[%clk 0:08:07]} 38. Bd2 {[%clk 0:12:53]} a4 {[%clk
0:06:58]} 39. Ne3 {[%clk 0:12:03]} Qd7 {[%clk 0:06:13]} 40. Qxd7 {[%clk 0:39:11]}
Nxd7 {[%clk 0:36:39]} 41. Nxd5 {[%clk 0:39:20]} Bd6 {[%clk 0:36:56]} 42. Ba5
{[%clk 0:38:38]} Nf8 {[%clk 0:33:21]} 43. Nc3 {[%clk 0:37:45]} Ne6 {[%clk
0:33:27]} 44. Bb6 {[%clk 0:33:18]} Kf7 {[%clk 0:25:58]} 45. Nxa4 {[%clk 0:33:00]}
Ke7 {[%clk 0:26:20]} 46. Bc5 {[%clk 0:32:34]} Nxc5 {[%clk 0:26:35]} 47. dxc5
{[%clk 0:32:45]} Be5 {[%clk 0:26:46]} 48. h3 {[%clk 0:32:31]} Kd7 {[%clk
0:27:00]} 49. Kf2 {[%clk 0:32:40]} Kc6 {[%clk 0:27:28]} 50. Ke2 {[%clk 0:32:41]}
Kb5 {[%clk 0:27:53]} 51. b3 {[%clk 0:32:21]} Bf4 {[%clk 0:27:25]} 52. Kd1 {[%clk
0:28:29]} g5 {[%clk 0:27:38]} 53. Kc2 {[%clk 0:26:33]} h5 {[%clk 0:26:18]} 54.
Nb2 {[%clk 0:26:37]} Be5 {[%clk 0:25:33]} 55. Nd3 {[%clk 0:25:34]} Bc7 {[%clk
0:25:52]} 56. a4+ {[%clk 0:25:10]} Kc6 {[%clk 0:24:43]} 57. Kc3 {[%clk 0:24:30]}
Bd8 {[%clk 0:22:16]} 58. Kc4 {[%clk 0:24:42]} 1-0

[Event "Women's Baku Chess Olympiad"]
[Site "chess24.com"]
[Date "2016.09.10"]
[Round "8"]
[White "Ortiz, Katherine Berenice"]
[Black "Meddeb, Chadha"]
[Result "1-0"]
[Board "3"]
[WhiteID "8400474"]
[WhiteElo "1857"]
[WhiteTitle "WFM"]
[WhiteCountry "HON"]
[WhiteFideId "8400474"]
[WhiteEloChange "3"]
[BlackID "5501652"]
[BlackElo "1585"]
[BlackTitle "WIM"]
[BlackCountry "TUN"]
[BlackFideId "5501652"]
[BlackEloChange "-3"]

1. e4 {[%clk 1:30:51]} e6 {[%clk 1:30:59]} 2. d4 {[%clk 1:31:08]} d5 {[%clk
1:31:28]} 3. Nc3 {[%clk 1:30:55]} Bb4 {[%clk 1:31:56]} 4. exd5 {[%clk 1:30:25]}
exd5 {[%clk 1:32:20]} 5. Bd3 {[%clk 1:30:21]} Ne7 {[%clk 1:30:17]} 6. Ne2 {[%clk
1:29:12]} Nbc6 {[%clk 1:28:56]} 7. O-O {[%clk 1:26:23]} Be6 {[%clk 1:28:27]} 8.
a3 {[%clk 1:22:48]} Bd6 {[%clk 1:28:36]} 9. Nb5 {[%clk 1:20:18]} Ng6 {[%clk
1:26:31]} 10. f4 {[%clk 1:15:17]} Nh4 {[%clk 1:10:47]} 11. f5 {[%clk 1:12:18]}
Nxf5 {[%clk 0:19:13]} 12. Bxf5 {[%clk 1:12:31]} Bxf5 {[%clk 0:18:44]} 13. Nxd6+
{[%clk 1:12:49]} Qxd6 {[%clk 0:19:05]} 14. Rxf5 {[%clk 1:13:00]} f6 {[%clk
0:18:41]} 15. Ng3 {[%clk 1:04:51]} O-O-O {[%clk 0:18:31]} 16. c3 {[%clk 1:02:01]}
Ne7 {[%clk 0:18:54]} 17. Rf1 {[%clk 1:02:05]} h5 {[%clk 0:18:50]} 18. Nf5 {[%clk
1:02:02]} Nxf5 {[%clk 0:17:58]} 19. Rxf5 {[%clk 1:02:25]} g6 {[%clk 0:18:22]} 20.
Rf2 {[%clk 1:01:16]} g5 {[%clk 0:16:37]} 21. Qd3 {[%clk 1:00:59]} Rdf8 {[%clk
0:14:08]} 22. Qf5+ {[%clk 1:00:12]} Kd8 {[%clk 0:14:13]} 23. Bd2 {[%clk 1:00:15]}
c6 {[%clk 0:12:52]} 24. Re1 {[%clk 1:00:29]} Rh6 {[%clk 0:13:09]} 25. Bxg5 {[%clk
0:58:34]} 1-0

[Event "Women's Baku Chess Olympiad"]
[Site "chess24.com"]
[Date "2016.09.10"]
[Round "8"]
[White "Lebel-Arias, Julia"]
[Black "Houska, Jovanka"]
[Result "0-1"]
[Board "1"]
[WhiteID "602019"]
[WhiteElo "1802"]
[WhiteTitle "WIM"]
[WhiteCountry "MNC"]
[WhiteFideId "602019"]
[WhiteEloChange "-2"]
[BlackID "405094"]
[BlackElo "2386"]
[BlackTitle "IM"]
[BlackCountry "ENG"]
[BlackFideId "405094"]
[BlackEloChange "2"]

1. d4 {[%clk 1:30:54]} d5 {[%clk 1:30:40]} 2. Nf3 {[%clk 1:30:58]} Nf6 {[%clk
1:30:57]} 3. Bf4 {[%clk 1:31:05]} c5 {[%clk 1:31:13]} 4. e3 {[%clk 1:31:22]} Nc6
{[%clk 1:31:33]} 5. c3 {[%clk 1:31:35]} Qb6 {[%clk 1:31:06]} 6. Qc1 {[%clk
1:31:31]} Bf5 {[%clk 1:29:48]} 7. Nbd2 {[%clk 1:31:28]} e6 {[%clk 1:29:02]} 8. a3
{[%clk 1:31:49]} cxd4 {[%clk 1:27:21]} 9. exd4 {[%clk 1:32:03]} Rc8 {[%clk
1:26:02]} 10. Be2 {[%clk 1:32:13]} h6 {[%clk 1:25:24]} 11. h3 {[%clk 1:32:00]}
Be7 {[%clk 1:25:30]} 12. O-O {[%clk 1:32:19]} O-O {[%clk 1:25:01]} 13. Re1 {[%clk
1:31:01]} Rfe8 {[%clk 1:14:26]} 14. Bf1 {[%clk 1:30:54]} Bh7 {[%clk 1:09:11]} 15.
Be3 {[%clk 1:30:17]} Qc7 {[%clk 1:09:01]} 16. Qd1 {[%clk 1:27:28]} Bd6 {[%clk
1:06:33]} 17. Bb5 {[%clk 1:26:58]} Ne4 {[%clk 0:59:55]} 18. Nf1 {[%clk 1:21:43]}
a6 {[%clk 0:55:04]} 19. Bd3 {[%clk 1:21:00]} Na5 {[%clk 0:54:47]} 20. Qc2 {[%clk
1:11:19]} f5 {[%clk 0:51:36]} 21. Bc1 {[%clk 1:11:20]} Kh8 {[%clk 0:48:07]} 22.
Ne3 {[%clk 1:08:50]} b5 {[%clk 0:36:20]} 23. Nf1 {[%clk 1:05:17]} Nc4 {[%clk
0:35:15]} 24. N1d2 {[%clk 1:02:13]} g5 {[%clk 0:33:21]} 25. Nf1 {[%clk 0:56:46]}
Rf8 {[%clk 0:29:38]} 26. Ne3 {[%clk 0:55:41]} Qg7 {[%clk 0:28:39]} 27. Bxe4
{[%clk 0:42:10]} Nxe3 {[%clk 0:27:12]} 28. fxe3 {[%clk 0:41:05]} fxe4 {[%clk
0:26:07]} 29. Ne5 {[%clk 0:37:14]} Bxe5 {[%clk 0:26:32]} 30. dxe5 {[%clk
0:37:35]} g4 {[%clk 0:26:46]} 31. hxg4 {[%clk 0:34:41]} Qxg4 {[%clk 0:27:12]} 32.
Qe2 {[%clk 0:33:30]} Rf3 {[%clk 0:26:56]} 33. Rf1 {[%clk 0:32:09]} Rcf8 {[%clk
0:26:20]} 34. Rxf3 {[%clk 0:31:35]} exf3 {[%clk 0:26:45]} 35. Qf2 {[%clk
0:31:39]} Be4 {[%clk 0:25:35]} 36. b4 {[%clk 0:27:16]} Rf5 {[%clk 0:23:54]} 0-1

[Event "Women's Baku Chess Olympiad"]
[Site "chess24.com"]
[Date "2016.09.10"]
[Round "8"]
[White "Ciuksyte, Dagne"]
[Black "Berezovska Svetlana"]
[Result "1/2-1/2"]
[Board "2"]
[WhiteID "12800619"]
[WhiteElo "2323"]
[WhiteTitle "IM"]
[WhiteCountry "ENG"]
[WhiteFideId "12800619"]
[WhiteEloChange "-8"]
[BlackID "5400740"]
[BlackElo "1794"]
[BlackCountry "MNC"]
[BlackFideId "5400740"]
[BlackEloChange "8"]

1. d4 {[%clk 1:30:56]} Nf6 {[%clk 1:30:37]} 2. c4 {[%clk 1:31:16]} e6 {[%clk
1:30:50]} 3. Nf3 {[%clk 1:31:36]} Bb4+ {[%clk 1:29:54]} 4. Nbd2 {[%clk 1:31:26]}
O-O {[%clk 1:29:30]} 5. a3 {[%clk 1:31:46]} Be7 {[%clk 1:29:18]} 6. e3 {[%clk
1:25:41]} d6 {[%clk 1:26:54]} 7. b4 {[%clk 1:19:50]} c5 {[%clk 1:26:54]} 8. Bd3
{[%clk 1:13:48]} Nbd7 {[%clk 1:16:55]} 9. Bb2 {[%clk 1:11:12]} b6 {[%clk
1:08:25]} 10. O-O {[%clk 1:10:06]} cxb4 {[%clk 0:59:02]} 11. axb4 {[%clk
1:10:24]} Qc7 {[%clk 0:54:35]} 12. Qc2 {[%clk 0:54:26]} Bb7 {[%clk 0:51:46]} 13.
Rfc1 {[%clk 0:40:38]} Rfe8 {[%clk 0:36:04]} 14. Ng5 {[%clk 0:33:34]} h6 {[%clk
0:35:41]} 15. Bh7+ {[%clk 0:28:15]} Kf8 {[%clk 0:35:10]} 16. Ngf3 {[%clk
0:28:20]} Nxh7 {[%clk 0:27:17]} 17. Qxh7 {[%clk 0:28:41]} Nf6 {[%clk 0:26:11]}
18. Qc2 {[%clk 0:22:27]} Kg8 {[%clk 0:21:46]} 19. e4 {[%clk 0:18:21]} d5 {[%clk
0:19:55]} 20. e5 {[%clk 0:15:48]} Ne4 {[%clk 0:17:01]} 21. c5 {[%clk 0:16:05]}
Nxd2 {[%clk 0:15:59]} 22. Qxd2 {[%clk 0:15:59]} bxc5 {[%clk 0:16:06]} 23. dxc5
{[%clk 0:15:25]} Bc6 {[%clk 0:14:22]} 24. Nd4 {[%clk 0:13:20]} Reb8 {[%clk
0:12:57]} 25. Ra3 {[%clk 0:12:23]} Bb5 {[%clk 0:12:36]} 26. Rca1 {[%clk 0:11:54]}
Bc4 {[%clk 0:12:34]} 27. Rg3 {[%clk 0:11:19]} Kh8 {[%clk 0:12:30]} 28. Rga3
{[%clk 0:09:12]} Qb7 {[%clk 0:11:00]} 29. Rh3 {[%clk 0:04:37]} Qxb4 {[%clk
0:07:57]} 30. Rxh6+ {[%clk 0:04:06]} gxh6 {[%clk 0:07:09]} 31. Qxh6+ {[%clk
0:04:17]} Kg8 {[%clk 0:07:35]} 32. Nxe6 {[%clk 0:02:26]} fxe6 {[%clk 0:07:03]}
33. Qxe6+ {[%clk 0:01:08]} Kf8 {[%clk 0:05:58]} 34. Qf5+ {[%clk 0:00:35]} Ke8
{[%clk 0:05:38]} 35. c6 {[%clk 0:00:46]} Qxb2 {[%clk 0:02:10]} 36. Qd7+ {[%clk
0:00:47]} Kf8 {[%clk 0:02:19]} 37. Qf5+ {[%clk 0:01:12]} Kg7 {[%clk 0:02:24]} 38.
Qg4+ {[%clk 0:01:34]} Kh7 {[%clk 0:01:51]} 39. Qh5+ {[%clk 0:01:49]} Kg7 {[%clk
0:01:57]} 40. Qg4+ {[%clk 0:32:14]} Kf8 {[%clk 0:31:17]} 41. Qf5+ {[%clk
0:30:47]} Kg7 {[%clk 0:23:01]} 42. Qg4+ {[%clk 0:31:13]} Kh6 {[%clk 0:20:21]} 43.
Qe6+ {[%clk 0:30:34]} Kh5 {[%clk 0:17:49]} 44. Qf5+ {[%clk 0:27:07]} Kh6 {[%clk
0:14:20]} 45. Qe6+ {[%clk 0:27:31]} Kh5 {[%clk 0:14:07]} 46. Qf5+ {[%clk
0:27:42]} 1/2-1/2

[Event "Women's Baku Chess Olympiad"]
[Site "chess24.com"]
[Date "2016.09.10"]
[Round "8"]
[White "Rubsamen, Anais"]
[Black "Kalaiyalahan, Akshaya"]
[Result "0-1"]
[Board "3"]
[WhiteID "26091305"]
[WhiteElo "1611"]
[WhiteCountry "MNC"]
[WhiteFideId "26091305"]
[WhiteEloChange "-2"]
[BlackID "422894"]
[BlackElo "2017"]
[BlackTitle "FM"]
[BlackCountry "ENG"]
[BlackFideId "422894"]
[BlackEloChange "2"]

1. Nf3 {[%clk 1:30:58]} Nf6 {[%clk 1:30:54]} 2. g3 {[%clk 1:31:20]} g6 {[%clk
1:31:17]} 3. Bg2 {[%clk 1:31:48]} Bg7 {[%clk 1:31:40]} 4. O-O {[%clk 1:32:16]}
O-O {[%clk 1:32:03]} 5. d3 {[%clk 1:32:44]} d5 {[%clk 1:32:25]} 6. Nbd2 {[%clk
1:33:06]} Nc6 {[%clk 1:32:43]} 7. e4 {[%clk 1:22:57]} e5 {[%clk 1:32:45]} 8. a4
{[%clk 1:19:37]} a5 {[%clk 1:32:08]} 9. exd5 {[%clk 1:18:04]} Nxd5 {[%clk
1:32:25]} 10. Nc4 {[%clk 1:18:20]} h6 {[%clk 1:29:42]} 11. Bd2 {[%clk 1:13:23]}
Re8 {[%clk 1:27:40]} 12. Re1 {[%clk 1:09:06]} f6 {[%clk 1:21:03]} 13. h3 {[%clk
1:02:05]} Be6 {[%clk 1:19:23]} 14. Ne3 {[%clk 0:54:33]} Nb6 {[%clk 1:11:20]} 15.
Nh4 {[%clk 0:52:09]} Bf7 {[%clk 1:01:22]} 16. Ng4 {[%clk 0:37:34]} h5 {[%clk
0:53:31]} 17. Ne3 {[%clk 0:28:55]} f5 {[%clk 0:51:22]} 18. Bxc6 {[%clk 0:19:21]}
bxc6 {[%clk 0:51:46]} 19. Bc3 {[%clk 0:19:40]} f4 {[%clk 0:47:15]} 20. Neg2
{[%clk 0:19:59]} Nd5 {[%clk 0:45:12]} 21. Qd2 {[%clk 0:19:45]} Nxc3 {[%clk
0:45:13]} 22. Qxc3 {[%clk 0:17:34]} Qd7 {[%clk 0:43:20]} 23. gxf4 {[%clk
0:15:00]} exf4 {[%clk 0:43:14]} 24. Rxe8+ {[%clk 0:15:03]} Rxe8 {[%clk 0:43:28]}
25. Qxa5 {[%clk 0:15:22]} Qxh3 {[%clk 0:43:01]} 26. Qg5 {[%clk 0:14:17]} Re5
{[%clk 0:35:33]} 27. Qd8+ {[%clk 0:11:01]} Kh7 {[%clk 0:35:10]} 28. Nxf4 {[%clk
0:09:00]} Qg4+ {[%clk 0:34:23]} 29. Nhg2 {[%clk 0:09:08]} g5 {[%clk 0:32:45]} 30.
d4 {[%clk 0:08:06]} gxf4 {[%clk 0:24:36]} 31. f3 {[%clk 0:06:30]} Qg5 {[%clk
0:14:11]} 32. Qxg5 {[%clk 0:05:47]} Rxg5 {[%clk 0:14:37]} 33. c3 {[%clk 0:05:36]}
c5 {[%clk 0:12:48]} 34. dxc5 {[%clk 0:05:48]} Rxc5 {[%clk 0:09:37]} 35. a5 {[%clk
0:03:53]} Bd5 {[%clk 0:08:45]} 36. Nxf4 {[%clk 0:03:37]} Bxf3 {[%clk 0:09:09]}
37. Ne6 {[%clk 0:03:39]} Re5 {[%clk 0:04:24]} 38. Nd4 {[%clk 0:02:17]} Ba8 {[%clk
0:04:02]} 39. Kh2 {[%clk 0:02:17]} Rg5 {[%clk 0:03:18]} 40. Ne6 {[%clk 0:30:50]}
Rg2+ {[%clk 0:32:59]} 41. Kh3 {[%clk 0:30:52]} Be5 {[%clk 0:31:41]} 42. Nf8+
{[%clk 0:29:02]} Kh6 {[%clk 0:31:43]} 43. Rh1 {[%clk 0:29:24]} Rg3+ {[%clk
0:32:03]} 44. Kh2 {[%clk 0:29:20]} Rg4+ {[%clk 0:32:18]} 45. Kh3 {[%clk 0:29:38]}
Bg2# {[%clk 0:32:35]} 0-1

[Event "Women's Baku Chess Olympiad"]
[Site "chess24.com"]
[Date "2016.09.10"]
[Round "8"]
[White "Bhatia, Kanwal K"]
[Black "berezovsky, Fiorina"]
[Result "1-0"]
[Board "4"]
[WhiteID "407496"]
[WhiteElo "2133"]
[WhiteTitle "WFM"]
[WhiteCountry "ENG"]
[WhiteFideId "407496"]
[WhiteEloChange "2"]
[BlackID "5400651"]
[BlackElo "1096"]
[BlackCountry "MNC"]
[BlackFideId "5400651"]
[BlackEloChange "-2"]

1. e4 {[%clk 1:30:57]} d5 {[%clk 1:30:50]} 2. exd5 {[%clk 1:31:23]} Qxd5 {[%clk
1:31:06]} 3. d4 {[%clk 1:31:39]} e5 {[%clk 1:31:18]} 4. dxe5 {[%clk 1:20:31]}
Qxd1+ {[%clk 1:31:29]} 5. Kxd1 {[%clk 1:20:56]} Nc6 {[%clk 1:31:33]} 6. f4 {[%clk
1:15:39]} Bg4+ {[%clk 1:29:36]} 7. Be2 {[%clk 1:15:08]} O-O-O+ {[%clk 1:26:14]}
8. Bd2 {[%clk 1:14:46]} Bxe2+ {[%clk 1:18:37]} 9. Nxe2 {[%clk 1:14:48]} f6 {[%clk
1:15:39]} 10. exf6 {[%clk 1:13:52]} Nxf6 {[%clk 1:15:47]} 11. Nbc3 {[%clk
1:13:16]} Bb4 {[%clk 1:14:15]} 12. Kc1 {[%clk 1:12:12]} Ne4 {[%clk 1:09:53]} 13.
Nxe4 {[%clk 1:12:25]} Bxd2+ {[%clk 1:09:14]} 14. Nxd2 {[%clk 1:12:47]} Rhe8
{[%clk 1:07:37]} 15. Nc3 {[%clk 1:11:37]} Re3 {[%clk 1:05:23]} 16. Nf3 {[%clk
1:10:38]} Nd4 {[%clk 1:00:36]} 17. Nxd4 {[%clk 1:09:54]} Rxd4 {[%clk 1:00:57]}
18. Rd1 {[%clk 1:07:49]} Rxd1+ {[%clk 0:56:56]} 19. Kxd1 {[%clk 1:07:58]} Re7
{[%clk 0:55:24]} 20. Kd2 {[%clk 1:07:38]} Rf7 {[%clk 0:54:56]} 21. Ke3 {[%clk
1:06:44]} Kd7 {[%clk 0:50:40]} 22. Rd1+ {[%clk 1:06:41]} Ke6 {[%clk 0:50:47]} 23.
g4 {[%clk 1:06:29]} h6 {[%clk 0:49:06]} 24. f5+ {[%clk 1:06:18]} Kf6 {[%clk
0:47:32]} 25. Ne4+ {[%clk 1:05:58]} Ke5 {[%clk 0:46:31]} 26. Nc5 {[%clk 1:06:16]}
b6 {[%clk 0:46:13]} 27. Nd7+ {[%clk 1:06:37]} Rxd7 {[%clk 0:44:29]} 28. Rxd7
{[%clk 1:06:59]} c5 {[%clk 0:44:49]} 29. Rxg7 {[%clk 1:07:16]} a5 {[%clk
0:44:54]} 30. Rg6 {[%clk 1:07:27]} b5 {[%clk 0:45:03]} 31. Rxh6 {[%clk 1:07:09]}
Kd5 {[%clk 0:45:21]} 32. g5 {[%clk 1:06:57]} c4 {[%clk 0:45:32]} 33. g6 {[%clk
1:07:15]} b4 {[%clk 0:45:53]} 34. g7 {[%clk 1:07:39]} a4 {[%clk 0:46:04]} 35.
g8Q+ {[%clk 1:07:39]} 1-0

[Event "Women's Baku Chess Olympiad"]
[Site "chess24.com"]
[Date "2016.09.10"]
[Round "8"]
[White "Caruana Pulpan, Oana"]
[Black "Al-khelaifi, Aisha"]
[Result "0-1"]
[Board "1"]
[WhiteID "5600502"]
[WhiteElo "1894"]
[WhiteTitle "WFM"]
[WhiteCountry "MLT"]
[WhiteFideId "5600502"]
[WhiteEloChange "-15"]
[BlackID "12100625"]
[BlackElo "1685"]
[BlackTitle "WCM"]
[BlackCountry "QAT"]
[BlackFideId "12100625"]
[BlackEloChange "15"]

1. d4 {[%clk 1:30:58]} d5 {[%clk 1:30:54]} 2. Nf3 {[%clk 1:31:24]} Nf6 {[%clk
1:31:18]} 3. g3 {[%clk 1:31:51]} c6 {[%clk 1:31:27]} 4. Bg2 {[%clk 1:32:17]} Bf5
{[%clk 1:31:15]} 5. O-O {[%clk 1:32:38]} e6 {[%clk 1:31:28]} 6. Bf4 {[%clk
1:32:18]} h6 {[%clk 1:31:18]} 7. Ne5 {[%clk 1:32:19]} Nbd7 {[%clk 1:30:11]} 8. h3
{[%clk 1:31:47]} Be7 {[%clk 1:29:02]} 9. g4 {[%clk 1:30:21]} Bh7 {[%clk 1:28:14]}
10. e3 {[%clk 1:29:42]} O-O {[%clk 1:26:27]} 11. Nd2 {[%clk 1:29:53]} Nxe5 {[%clk
1:16:20]} 12. Bxe5 {[%clk 1:25:54]} Bd6 {[%clk 1:13:03]} 13. c4 {[%clk 1:19:46]}
Bxe5 {[%clk 1:10:00]} 14. dxe5 {[%clk 1:20:12]} Nd7 {[%clk 0:01:21]} 15. f4
{[%clk 1:14:41]} Bd3 {[%clk 1:02:05]} 16. Re1 {[%clk 1:14:36]} dxc4 {[%clk
1:01:40]} 17. Qc1 {[%clk 1:14:21]} Nb6 {[%clk 0:59:47]} 18. Ne4 {[%clk 1:13:45]}
Bxe4 {[%clk 0:44:01]} 19. Bxe4 {[%clk 1:14:10]} Qh4 {[%clk 0:44:14]} 20. Kg2
{[%clk 1:12:44]} Rfd8 {[%clk 0:43:48]} 21. Qc2 {[%clk 1:04:08]} Rd7 {[%clk
0:41:06]} 22. Rad1 {[%clk 1:04:29]} Rad8 {[%clk 0:41:07]} 23. Rxd7 {[%clk
1:01:45]} Rxd7 {[%clk 0:41:19]} 24. Bf3 {[%clk 0:55:46]} Qxe1 {[%clk 0:41:19]}
0-1